[Event "WCO 2016"]
[Site "?"]
[Date "2016.09.13"]
[Round "11"]
[Board "18"]
[WhiteID "4500024"]
[White "Ladva Ottomar"]
[BlackID "4675789"]
[Black "Meier Georg"]
[Result "1/2-1/2"]
[BlackElo "2654"]
[WhiteElo "2501"]
[LiveChessVersion "1.4.8"]

1. d4 {[%clk 1:30:58]} Nf6 {[%clk 1:30:54]} 2. c4 {[%clk 1:31:26]} e6
{[%clk 1:31:16]} 3. g3 {[%clk 1:31:55]} d5 {[%clk 1:31:38]} 4. Bg2
{[%clk 1:32:18]} Bb4+ {[%clk 1:31:56]} 5. Nd2 {[%clk 1:32:29]} O-O
{[%clk 1:32:12]} 6. Ngf3 {[%clk 1:32:57]} b6 {[%clk 1:32:32]} 7. O-O
{[%clk 1:33:11]} Bb7 {[%clk 1:32:56]} 8. b3 {[%clk 1:33:13]} Bc3 {[%clk 1:32:01]}
9. Rb1 {[%clk 1:30:12]} c5 {[%clk 1:32:21]} 10. Ba3 {[%clk 1:16:14]} Ne4
{[%clk 1:28:08]} 11. dxc5 {[%clk 0:53:01]} Bxd2 {[%clk 1:27:36]} 12. c6
{[%clk 0:50:46]} Nxc6 {[%clk 1:25:12]} 13. Bxf8 {[%clk 0:44:48]} Qxf8
{[%clk 0:42:43]} 14. Nxd2 {[%clk 0:44:22]} Nc3 {[%clk 0:41:58]} 15. Qc2
{[%clk 0:40:51]} Nxb1 {[%clk 0:33:48]} 16. Qxb1 {[%clk 0:41:07]} Rd8
{[%clk 0:33:21]} 17. Rd1 {[%clk 0:36:24]} Nd4 {[%clk 0:30:25]} 18. Re1
{[%clk 0:19:29]} Qb4 {[%clk 0:11:24]} 19. Qc1 {[%clk 0:15:14]} Qe7
{[%clk 0:07:37]} 20. e3 {[%clk 0:13:10]} Nc6 {[%clk 0:08:06]} 21. cxd5
{[%clk 0:07:54]} Nb4 {[%clk 0:07:45]} 22. Rd1 {[%clk 0:04:19]} Bxd5
{[%clk 0:05:20]} 23. Bxd5 {[%clk 0:04:47]} Rxd5 {[%clk 0:04:43]} 24. a3
{[%clk 0:04:52]} Nd3 {[%clk 0:04:54]} 25. Qc2 {[%clk 0:04:20]} h6
{[%clk 0:01:59]} 26. Ne4 {[%clk 0:03:17]} Qd8 {[%clk 0:02:05]} 27. Nc3
{[%clk 0:03:16]} Rd7 {[%clk 0:02:27]} 28. Nb5 {[%clk 0:03:08]} Ne5
{[%clk 0:01:43]} 29. Rc1 {[%clk 0:02:31]} Nd3 {[%clk 0:00:41]} 30. Rd1
{[%clk 0:02:47]} Ne5 {[%clk 0:01:10]} 31. Rc1 {[%clk 0:01:52]} Nd3
{[%clk 0:00:38]} 32. Rd1 {[%clk 0:02:19]} Nxf2 {[%clk 0:00:40]} 33. Rxd7
{[%clk 0:02:23]} Qxd7 {[%clk 0:01:07]} 34. Nxa7 {[%clk 0:01:09]} Qxa7
{[%clk 0:01:04]} 35. Qc8+ {[%clk 0:00:53]} Kh7 {[%clk 0:01:33]} 36. Qc2+
{[%clk 0:01:21]} f5 {[%clk 0:01:25]} 37. Kxf2 {[%clk 0:01:05]} Qxa3
{[%clk 0:01:53]} 38. h4 {[%clk 0:00:51]} Qc5 {[%clk 0:01:08]} 39. Qd3
{[%clk 0:00:43]} Kg6 {[%clk 0:01:01]} 40. Qd7 {[%clk 0:30:34]} Qc2+
{[%clk 0:30:59]} 41. Kf3 {[%clk 0:27:38]} Qxb3 {[%clk 0:29:46]} 42. Qe8+
{[%clk 0:25:56]} Kh7 {[%clk 0:30:07]} 43. h5 {[%clk 0:25:59]} Qd1+
{[%clk 0:27:59]} 44. Kf2 {[%clk 0:26:04]} Qg4 {[%clk 0:25:28]} 45. Qxe6
{[%clk 0:26:31]} b5 {[%clk 0:20:44]} 46. Qb6 {[%clk 0:25:13]} b4 {[%clk 0:21:09]}
47. Qb5 {[%clk 0:24:55]} Qe4 {[%clk 0:19:46]} 48. Qb6 {[%clk 0:25:21]} Qc2+
{[%clk 0:14:42]} 49. Kf3 {[%clk 0:25:36]} Qd1+ {[%clk 0:14:41]} 50. Kf2
{[%clk 0:25:06]} Qd2+ {[%clk 0:15:08]} 51. Kf1 {[%clk 0:18:10]} Qd5
{[%clk 0:15:36]} 52. Qg6+ {[%clk 0:17:01]} Kh8 {[%clk 0:16:05]} 53. Qe8+
{[%clk 0:16:12]} Qg8 {[%clk 0:16:34]} 54. Qb5 {[%clk 0:15:06]} b3
{[%clk 0:15:42]} 55. Kf2 {[%clk 0:13:02]} Qe6 {[%clk 0:14:59]} 56. Qb8+
{[%clk 0:12:32]} Kh7 {[%clk 0:15:26]} 57. Qb5 {[%clk 0:12:40]} Qf7
{[%clk 0:08:32]} 58. Qb6 {[%clk 0:11:42]} Qd5 {[%clk 0:06:35]} 59. Qg6+
{[%clk 0:12:07]} Kh8 {[%clk 0:07:01]} 60. Qe8+ {[%clk 0:12:26]} Qg8
{[%clk 0:07:26]} 61. Qb5 {[%clk 0:12:50]} Qf7 {[%clk 0:06:54]} 62. Qb8+
{[%clk 0:13:04]} Kh7 {[%clk 0:07:22]} 63. Qb6 {[%clk 0:13:29]} Qxh5
{[%clk 0:07:39]} 64. Qxb3 {[%clk 0:13:58]} Qh2+ {[%clk 0:07:01]} 65. Kf3
{[%clk 0:14:24]} Qg1 {[%clk 0:07:06]} 66. Qc4 {[%clk 0:12:13]} Qh1+
{[%clk 0:07:15]} 67. Kf2 {[%clk 0:12:38]} Qh2+ {[%clk 0:07:12]} 68. Kf3
{[%clk 0:13:05]} Qg1 {[%clk 0:07:19]} 69. Qb5 {[%clk 0:12:08]} Qh1+
{[%clk 0:07:04]} 70. Kf2 {[%clk 0:12:36]} Qe4 {[%clk 0:07:26]} 71. Qa6
{[%clk 0:12:15]} Qd5 {[%clk 0:05:20]} 72. Qc8 {[%clk 0:11:51]} Qe5
{[%clk 0:04:57]} 73. Qc6 {[%clk 0:11:53]} Kg8 {[%clk 0:04:53]} 74. Qd7
{[%clk 0:12:19]} Qf6 {[%clk 0:04:44]} 75. Kf3 {[%clk 0:12:07]} Qf7
{[%clk 0:04:41]} 76. Qd3 {[%clk 0:12:09]} Qe6 {[%clk 0:04:13]} 77. Kf4
{[%clk 0:09:55]} g5+ {[%clk 0:04:38]} 78. Kf3 {[%clk 0:10:23]} Kf7
{[%clk 0:04:46]} 79. Kf2 {[%clk 0:04:55]} Kf6 {[%clk 0:05:05]} 80. Qc3+
{[%clk 0:05:06]} Kg6 {[%clk 0:05:30]} 81. Qc2 {[%clk 0:05:01]} Qe4
{[%clk 0:05:24]} 82. Qd1 {[%clk 0:04:33]} g4 {[%clk 0:05:18]} 83. Qd6+
{[%clk 0:04:34]} Kh5 {[%clk 0:05:34]} 84. Qd1 {[%clk 0:05:03]} Qc6
{[%clk 0:04:53]} 85. Kg1 {[%clk 0:04:03]} Qf3 {[%clk 0:04:17]} 86. Qd6
{[%clk 0:02:14]} Qxe3+ {[%clk 0:04:10]} 87. Kh2 {[%clk 0:02:43]} f4
{[%clk 0:00:56]} 88. Qd5+ {[%clk 0:02:59]} Kg6 {[%clk 0:01:23]} 89. Qg8+
{[%clk 0:02:06]} Kf5 {[%clk 0:00:54]} 90. Qh7+ {[%clk 0:02:25]} Ke5
{[%clk 0:00:54]} 91. Qg7+ {[%clk 0:02:42]} Kd5 {[%clk 0:01:05]} 92. Qd7+
{[%clk 0:03:04]} Kc5 {[%clk 0:01:04]} 93. Qc8+ {[%clk 0:03:13]} Kb5
{[%clk 0:00:42]} 94. Qf5+ {[%clk 0:02:34]} Kb6 {[%clk 0:00:39]} 95. Qg6+
{[%clk 0:02:26]} Kb5 {[%clk 0:00:50]} 96. Qf5+ {[%clk 0:02:48]} Qc5
{[%clk 0:00:54]} 97. Qxf4 {[%clk 0:02:07]} h5 {[%clk 0:01:17]} 98. Qf1+
{[%clk 0:02:12]} Kb4 {[%clk 0:00:57]} 99. Qb1+ {[%clk 0:02:31]} Kc4
{[%clk 0:01:21]} 100. Qc2+ {[%clk 0:02:39]} 1/2-1/2

[Event "WCO 2016"]
[Site "?"]
[Date "2016.09.13"]
[Round "11"]
[Board "19"]
[WhiteID "24651516"]
[White "Bluebaum Matthias"]
[BlackID "4500547"]
[Black "Seeman Tarvo"]
[Result "1-0"]
[BlackElo "2407"]
[WhiteElo "2626"]
[LiveChessVersion "1.4.8"]

1. d4 {[%clk 1:30:57]} Nf6 {[%clk 1:30:53]} 2. c4 {[%clk 1:31:23]} g6
{[%clk 1:31:15]} 3. Nc3 {[%clk 1:31:48]} Bg7 {[%clk 1:31:40]} 4. e4
{[%clk 1:32:13]} d6 {[%clk 1:32:03]} 5. h3 {[%clk 1:32:22]} O-O {[%clk 1:31:38]}
6. Be3 {[%clk 1:32:44]} e5 {[%clk 1:26:32]} 7. d5 {[%clk 1:33:07]} Na6
{[%clk 1:24:47]} 8. Nf3 {[%clk 1:32:25]} Bd7 {[%clk 1:21:39]} 9. g4
{[%clk 1:19:12]} c6 {[%clk 1:14:51]} 10. Nd2 {[%clk 1:15:43]} cxd5
{[%clk 1:05:54]} 11. cxd5 {[%clk 1:03:16]} Qb8 {[%clk 1:04:57]} 12. a3
{[%clk 0:46:36]} Rc8 {[%clk 1:02:41]} 13. Be2 {[%clk 0:39:30]} Nc5
{[%clk 1:00:15]} 14. a4 {[%clk 0:33:20]} Rc7 {[%clk 0:29:56]} 15. Kf1
{[%clk 0:29:21]} Qd8 {[%clk 0:24:31]} 16. Kg2 {[%clk 0:29:33]} Ne8
{[%clk 0:18:45]} 17. Nb5 {[%clk 0:24:10]} Rcc8 {[%clk 0:17:44]} 18. b4
{[%clk 0:21:06]} Bxb5 {[%clk 0:13:28]} 19. axb5 {[%clk 0:19:51]} Nd7
{[%clk 0:13:54]} 20. Ra3 {[%clk 0:16:57]} Bf6 {[%clk 0:12:39]} 21. Nf3
{[%clk 0:16:13]} Be7 {[%clk 0:12:02]} 22. Bd3 {[%clk 0:14:27]} Ng7
{[%clk 0:10:13]} 23. Qe2 {[%clk 0:13:05]} h5 {[%clk 0:08:35]} 24. g5
{[%clk 0:08:06]} h4 {[%clk 0:08:25]} 25. Rha1 {[%clk 0:07:51]} Nh5
{[%clk 0:08:35]} 26. Rxa7 {[%clk 0:06:28]} Rab8 {[%clk 0:08:02]} 27. Qd2
{[%clk 0:06:03]} Nf4+ {[%clk 0:06:03]} 28. Bxf4 {[%clk 0:05:49]} exf4
{[%clk 0:06:32]} 29. Qxf4 {[%clk 0:06:06]} Ne5 {[%clk 0:06:03]} 30. Nxe5
{[%clk 0:05:06]} dxe5 {[%clk 0:06:26]} 31. Qxe5 {[%clk 0:05:04]} Bxg5
{[%clk 0:06:40]} 32. R1a2 {[%clk 0:03:42]} Bf6 {[%clk 0:06:02]} 33. Qf4
{[%clk 0:04:07]} Qe7 {[%clk 0:05:36]} 34. Rc2 {[%clk 0:03:40]} Be5
{[%clk 0:04:20]} 35. Rxc8+ {[%clk 0:04:04]} Rxc8 {[%clk 0:04:33]} 36. Rxb7
{[%clk 0:02:55]} Qxb7 {[%clk 0:04:48]} 37. Qxe5 {[%clk 0:03:24]} Qb6
{[%clk 0:04:46]} 38. Qb2 {[%clk 0:02:00]} Qd6 {[%clk 0:02:23]} 39. Qd4
{[%clk 0:01:51]} Qf4 {[%clk 0:02:37]} 40. b6 {[%clk 0:31:08]} Qg5+
{[%clk 0:30:33]} 41. Kf3 {[%clk 0:30:26]} Qh5+ {[%clk 0:26:54]} 42. Kg2
{[%clk 0:24:50]} Qg5+ {[%clk 0:26:03]} 43. Kf3 {[%clk 0:25:16]} Qh5+
{[%clk 0:26:13]} 44. Ke3 {[%clk 0:17:36]} Qg5+ {[%clk 0:24:43]} 45. Ke2
{[%clk 0:16:23]} Qh5+ {[%clk 0:24:30]} 46. f3 {[%clk 0:14:46]} Qg5
{[%clk 0:23:57]} 47. b7 {[%clk 0:13:50]} Rb8 {[%clk 0:22:49]} 48. Qa7
{[%clk 0:08:21]} Qg2+ {[%clk 0:22:04]} 49. Ke1 {[%clk 0:08:47]} Qg3+
{[%clk 0:21:38]} 50. Kd2 {[%clk 0:08:40]} Qf4+ {[%clk 0:18:26]} 51. Ke2
{[%clk 0:08:58]} Qc7 {[%clk 0:14:38]} 52. Ba6 {[%clk 0:07:12]} Qc2+
{[%clk 0:12:04]} 53. Ke3 {[%clk 0:05:56]} Qc1+ {[%clk 0:09:06]} 54. Kf2
{[%clk 0:05:56]} Qc2+ {[%clk 0:09:06]} 55. Kg1 {[%clk 0:05:08]} Qc1+
{[%clk 0:08:28]} 56. Kg2 {[%clk 0:04:42]} Qd2+ {[%clk 0:03:39]} 57. Kf1
{[%clk 0:04:45]} Qc1+ {[%clk 0:03:47]} 58. Ke2 {[%clk 0:04:48]} Qc2+
{[%clk 0:04:05]} 59. Ke3 {[%clk 0:05:05]} Qc1+ {[%clk 0:04:18]} 60. Kd3
{[%clk 0:03:18]} Qd1+ {[%clk 0:02:54]} 61. Kc4 {[%clk 0:03:29]} Qf1+
{[%clk 0:01:56]} 62. Kb3 {[%clk 0:03:27]} Qd1+ {[%clk 0:01:28]} 63. Kb2
{[%clk 0:03:12]} Qd2+ {[%clk 0:01:13]} 64. Ka3 {[%clk 0:03:37]} Qc3+
{[%clk 0:00:37]} 65. Ka4 {[%clk 0:04:01]} Qc7 {[%clk 0:00:40]} 66. Qc5
{[%clk 0:03:37]} Qh2 {[%clk 0:00:33]} 67. Ka5 {[%clk 0:02:54]} Kg7
{[%clk 0:00:31]} 68. Kb6 {[%clk 0:02:01]} Qxh3 {[%clk 0:00:45]} 69. Qc7
{[%clk 0:02:27]} Rxb7+ {[%clk 0:00:40]} 70. Bxb7 {[%clk 0:02:31]} Qxf3
{[%clk 0:00:35]} 71. d6 {[%clk 0:02:40]} h3 {[%clk 0:00:31]} 72. e5
{[%clk 0:01:38]} Qf4 1-0

[Event "WCO 2016"]
[Site "?"]
[Date "2016.09.13"]
[Round "11"]
[Board "20"]
[WhiteID "4500563"]
[White "Shishkov Andrei"]
[BlackID "11600454"]
[Black "Fridman Daniel"]
[Result "1-0"]
[BlackElo "2618"]
[WhiteElo "2368"]
[LiveChessVersion "1.4.8"]

1. d4 {[%clk 1:30:59]} Nf6 {[%clk 1:30:54]} 2. c4 {[%clk 1:31:23]} e6
{[%clk 1:31:20]} 3. Nc3 {[%clk 1:31:48]} d5 {[%clk 1:31:45]} 4. cxd5
{[%clk 1:32:09]} exd5 {[%clk 1:32:10]} 5. Bg5 {[%clk 1:32:32]} c6
{[%clk 1:32:35]} 6. e3 {[%clk 1:32:22]} Nbd7 {[%clk 1:32:53]} 7. Bd3
{[%clk 1:30:53]} Be7 {[%clk 1:33:16]} 8. Nge2 {[%clk 1:28:00]} Nf8
{[%clk 1:33:37]} 9. Qc2 {[%clk 1:10:06]} Ne6 {[%clk 1:32:48]} 10. Bh4
{[%clk 1:10:29]} g6 {[%clk 1:33:12]} 11. f3 {[%clk 0:57:23]} O-O {[%clk 1:33:12]}
12. O-O {[%clk 0:57:37]} b6 {[%clk 1:33:36]} 13. Rad1 {[%clk 0:54:42]} Bb7
{[%clk 1:33:33]} 14. Kh1 {[%clk 0:48:42]} Rc8 {[%clk 1:26:26]} 15. Qd2
{[%clk 0:42:55]} Ne4 {[%clk 1:09:10]} 16. fxe4 {[%clk 0:42:39]} Bxh4
{[%clk 1:09:34]} 17. e5 {[%clk 0:39:47]} Bg5 {[%clk 1:04:31]} 18. Nf4
{[%clk 0:34:36]} Qe7 {[%clk 1:00:12]} 19. Qf2 {[%clk 0:32:21]} Bh6
{[%clk 0:48:31]} 20. Qg3 {[%clk 0:29:43]} Qg5 {[%clk 0:42:59]} 21. Qe1
{[%clk 0:23:01]} Rce8 {[%clk 0:40:06]} 22. Rf3 {[%clk 0:22:44]} Qe7
{[%clk 0:36:14]} 23. Qf2 {[%clk 0:21:38]} Bg7 {[%clk 0:28:26]} 24. Nh5
{[%clk 0:14:05]} gxh5 {[%clk 0:26:10]} 25. Rf5 {[%clk 0:03:33]} h6
{[%clk 0:11:38]} 26. Rf1 {[%clk 0:03:14]} Bc8 {[%clk 0:06:27]} 27. h4
{[%clk 0:03:34]} Nc7 {[%clk 0:04:15]} 28. Bb1 {[%clk 0:01:33]} Qe6
{[%clk 0:03:22]} 29. Rf6 {[%clk 0:01:33]} Re7 {[%clk 0:01:38]} 30. Qc2
{[%clk 0:01:42]} Rd8 {[%clk 0:01:20]} 31. Rxe6 {[%clk 0:02:05]} Nxe6
{[%clk 0:00:48]} 32. Qh7+ {[%clk 0:02:14]} Kf8 {[%clk 0:01:17]} 33. Rf3
{[%clk 0:02:16]} Ke8 {[%clk 0:01:26]} 34. Bf5 {[%clk 0:02:05]} Bf8
{[%clk 0:01:26]} 35. Qh8 {[%clk 0:01:39]} Nc7 {[%clk 0:00:50]} 36. Bxc8
{[%clk 0:01:35]} Rxc8 {[%clk 0:01:18]} 37. Ne2 {[%clk 0:01:25]} Ne6
{[%clk 0:01:14]} 38. Nf4 {[%clk 0:01:36]} Nxf4 {[%clk 0:01:03]} 39. Rxf4
{[%clk 0:01:40]} Re6 {[%clk 0:00:59]} 40. Rf6 {[%clk 0:31:34]} Rc7
{[%clk 0:30:44]} 41. Rxe6+ {[%clk 0:31:10]} fxe6 {[%clk 0:31:07]} 42. Qf6
{[%clk 0:31:25]} Re7 {[%clk 0:31:32]} 43. Qg6+ {[%clk 0:31:29]} Kd7
{[%clk 0:31:55]} 44. Qxh5 {[%clk 0:30:05]} c5 {[%clk 0:32:07]} 45. Qd1
{[%clk 0:26:03]} Ke8 {[%clk 0:31:32]} 46. g4 {[%clk 0:19:14]} c4 {[%clk 0:28:54]}
47. Qa4+ {[%clk 0:19:09]} Kf7 {[%clk 0:28:27]} 48. Qc6 {[%clk 0:19:19]} Re8
{[%clk 0:28:07]} 49. g5 {[%clk 0:12:19]} hxg5 {[%clk 0:27:14]} 50. hxg5
{[%clk 0:12:48]} Re7 {[%clk 0:27:12]} 51. e4 {[%clk 0:12:38]} dxe4
{[%clk 0:27:19]} 52. Qxe4 {[%clk 0:11:46]} Rd7 {[%clk 0:27:05]} 53. Kg2
{[%clk 0:11:32]} b5 {[%clk 0:25:44]} 54. Kf3 {[%clk 0:07:27]} b4 {[%clk 0:24:11]}
55. Ke3 {[%clk 0:07:44]} Rc7 {[%clk 0:23:30]} 56. Kd2 {[%clk 0:05:57]} b3
{[%clk 0:22:52]} 57. a3 {[%clk 0:05:58]} c3+ {[%clk 0:21:35]} 58. bxc3
{[%clk 0:06:22]} Kg7 {[%clk 0:21:46]} 59. Qh1 {[%clk 0:05:27]} Kg6
{[%clk 0:21:13]} 60. Qb1+ {[%clk 0:05:33]} Kxg5 {[%clk 0:21:34]} 61. Qxb3
{[%clk 0:05:57]} Re7 {[%clk 0:21:07]} 62. Kd3 {[%clk 0:05:43]} Kg6
{[%clk 0:21:22]} 63. c4 {[%clk 0:05:28]} Rh7 {[%clk 0:18:32]} 64. Qa4
{[%clk 0:05:21]} Bxa3 {[%clk 0:18:47]} 65. c5 {[%clk 0:03:58]} Kf5
{[%clk 0:08:43]} 66. Kc4 {[%clk 0:04:05]} Rh3 {[%clk 0:09:05]} 67. Qxa7
{[%clk 0:03:42]} Kg6 {[%clk 0:03:55]} 68. Qe7 {[%clk 0:03:39]} Kf5
{[%clk 0:04:08]} 69. Qf6+ {[%clk 0:03:40]} Ke4 {[%clk 0:04:31]} 70. Qg6+
{[%clk 0:03:59]} Kf4 {[%clk 0:04:54]} 71. Qxe6 {[%clk 0:04:21]} Rg3
{[%clk 0:03:22]} 72. Qf7+ {[%clk 0:04:42]} Ke3 {[%clk 0:03:44]} 73. e6
{[%clk 0:04:13]} Rg4 {[%clk 0:04:03]} 74. e7 {[%clk 0:04:18]} Rxd4+
{[%clk 0:04:26]} 75. Kb5 {[%clk 0:04:41]} 1-0

[Event "WCO 2016"]
[Site "?"]
[Date "2016.09.13"]
[Round "11"]
[Board "21"]
[WhiteID "10200649"]
[White "Hossain Enamul"]
[BlackID "12100030"]
[Black "Al-Modiahki Mohamad"]
[Result "0-1"]
[BlackElo "2550"]
[WhiteElo "2431"]
[LiveChessVersion "1.4.8"]

1. d4 {[%clk 1:30:52]} Nf6 {[%clk 1:30:53]} 2. Nf3 {[%clk 1:31:15]} g6
{[%clk 1:31:16]} 3. c4 {[%clk 1:31:39]} Bg7 {[%clk 1:31:42]} 4. Nc3
{[%clk 1:32:02]} O-O {[%clk 1:32:06]} 5. e4 {[%clk 1:32:11]} d6 {[%clk 1:32:32]}
6. Be2 {[%clk 1:32:23]} e5 {[%clk 1:32:56]} 7. d5 {[%clk 1:32:35]} a5
{[%clk 1:11:40]} 8. Bg5 {[%clk 1:31:57]} Qe8 {[%clk 1:07:56]} 9. Nd2
{[%clk 1:29:30]} Na6 {[%clk 1:03:58]} 10. h4 {[%clk 1:25:15]} h6 {[%clk 0:48:28]}
11. Be3 {[%clk 1:24:38]} Qd7 {[%clk 0:44:34]} 12. h5 {[%clk 1:19:40]} Kh7
{[%clk 0:33:06]} 13. Rh4 {[%clk 1:07:45]} g5 {[%clk 0:28:34]} 14. Rh1
{[%clk 1:05:10]} Ng4 {[%clk 0:27:42]} 15. Bxg4 {[%clk 1:04:50]} Qxg4
{[%clk 0:28:10]} 16. Qxg4 {[%clk 1:03:39]} Bxg4 {[%clk 0:28:38]} 17. f3
{[%clk 1:03:49]} Bd7 {[%clk 0:28:58]} 18. g4 {[%clk 1:04:06]} Nb4
{[%clk 0:29:04]} 19. O-O-O {[%clk 0:58:59]} c6 {[%clk 0:13:39]} 20. dxc6
{[%clk 0:41:26]} bxc6 {[%clk 0:12:58]} 21. Ndb1 {[%clk 0:29:20]} Be6
{[%clk 0:11:24]} 22. a3 {[%clk 0:28:29]} Bxc4 {[%clk 0:10:24]} 23. Rxd6
{[%clk 0:25:46]} Nd3+ {[%clk 0:08:00]} 24. Kc2 {[%clk 0:23:43]} Nf4
{[%clk 0:06:19]} 25. Nd2 {[%clk 0:21:15]} Ba6 {[%clk 0:04:02]} 26. Rxc6
{[%clk 0:19:55]} Bd3+ {[%clk 0:04:12]} 27. Kb3 {[%clk 0:18:11]} Ne6
{[%clk 0:01:00]} 28. Ka2 {[%clk 0:17:43]} Nd4 {[%clk 0:01:19]} 29. Bxd4
{[%clk 0:16:43]} exd4 {[%clk 0:01:48]} 30. Nd5 {[%clk 0:17:02]} Be2
{[%clk 0:00:39]} 31. Ne7 {[%clk 0:11:56]} Be5 {[%clk 0:00:44]} 32. Nf5
{[%clk 0:11:30]} f6 {[%clk 0:01:12]} 33. Rhc1 {[%clk 0:09:42]} d3
{[%clk 0:00:35]} 34. Nc4 {[%clk 0:03:38]} Bf4 {[%clk 0:00:57]} 35. Rc3
{[%clk 0:03:13]} Rac8 {[%clk 0:00:43]} 36. Nce3 {[%clk 0:00:45]} Rxc6
{[%clk 0:00:48]} 37. Rxc6 {[%clk 0:01:14]} d2 {[%clk 0:00:39]} 0-1

[Event "WCO 2016"]
[Site "?"]
[Date "2016.09.13"]
[Round "11"]
[Board "22"]
[WhiteID "12100196"]
[White "AL-Sayed Mohammed"]
[BlackID "10200444"]
[Black "Mollah Abdullah Al Rakib"]
[Result "1/2-1/2"]
[BlackElo "2488"]
[WhiteElo "2521"]
[LiveChessVersion "1.4.8"]

1. Nf3 {[%clk 1:30:54]} Nf6 {[%clk 1:30:46]} 2. c4 {[%clk 1:29:37]} b6
{[%clk 1:30:51]} 3. g3 {[%clk 1:29:48]} Bb7 {[%clk 1:31:13]} 4. Bg2
{[%clk 1:30:11]} g6 {[%clk 1:30:50]} 5. d4 {[%clk 1:29:08]} Bg7 {[%clk 1:31:03]}
6. O-O {[%clk 1:29:04]} O-O {[%clk 1:31:24]} 7. Nc3 {[%clk 1:29:21]} Ne4
{[%clk 1:31:40]} 8. Nxe4 {[%clk 1:21:06]} Bxe4 {[%clk 1:32:05]} 9. h4
{[%clk 1:21:20]} d5 {[%clk 1:27:47]} 10. Qb3 {[%clk 1:12:43]} Nc6
{[%clk 1:24:02]} 11. cxd5 {[%clk 1:07:10]} Bxd5 {[%clk 1:15:40]} 12. Qa4
{[%clk 1:07:24]} Qe8 {[%clk 0:51:53]} 13. Rd1 {[%clk 0:49:22]} Rd8
{[%clk 0:49:31]} 14. Be3 {[%clk 0:49:45]} Bxf3 {[%clk 0:44:15]} 15. exf3
{[%clk 0:50:09]} Nxd4 {[%clk 0:42:26]} 16. Qxa7 {[%clk 0:49:19]} Nc2
{[%clk 0:39:41]} 17. Rab1 {[%clk 0:44:35]} Nxe3 {[%clk 0:35:33]} 18. fxe3
{[%clk 0:45:03]} Qc6 {[%clk 0:32:59]} 19. Qa3 {[%clk 0:44:31]} Qe6
{[%clk 0:32:27]} 20. Qb3 {[%clk 0:41:49]} Qxb3 {[%clk 0:30:39]} 21. axb3
{[%clk 0:42:14]} Rxd1+ {[%clk 0:29:14]} 22. Rxd1 {[%clk 0:42:36]} Bxb2
{[%clk 0:29:25]} 23. f4 {[%clk 0:42:09]} Ba3 {[%clk 0:23:34]} 24. Bc6
{[%clk 0:42:13]} Bc5 {[%clk 0:21:30]} 25. Kf2 {[%clk 0:39:14]} f5
{[%clk 0:21:18]} 26. Kf3 {[%clk 0:31:46]} Rf6 {[%clk 0:19:07]} 27. Rd8+
{[%clk 0:32:10]} Kg7 {[%clk 0:19:08]} 28. Bd5 {[%clk 0:32:28]} Rd6
{[%clk 0:16:58]} 29. Rxd6 {[%clk 0:31:33]} cxd6 {[%clk 0:17:07]} 30. e4
{[%clk 0:20:46]} Kf6 {[%clk 0:13:20]} 31. Bc4 {[%clk 0:21:01]} e6
{[%clk 0:12:02]} 32. Bd3 {[%clk 0:21:22]} Bb4 {[%clk 0:11:16]} 33. Bc2
{[%clk 0:20:42]} Be1 {[%clk 0:11:25]} 34. Bd3 {[%clk 0:20:41]} h6
{[%clk 0:06:13]} 35. Bc2 {[%clk 0:19:42]} h5 {[%clk 0:05:28]} 36. Bd3
{[%clk 0:14:32]} e5 {[%clk 0:03:28]} 37. fxe5+ {[%clk 0:13:49]} dxe5
{[%clk 0:03:29]} 38. exf5 {[%clk 0:13:14]} gxf5 {[%clk 0:03:57]} 39. Bb5
{[%clk 0:13:35]} e4+ {[%clk 0:02:06]} 40. Kg2 {[%clk 0:44:04]} Ke5
{[%clk 0:30:50]} 41. Be8 {[%clk 0:43:27]} f4 {[%clk 0:29:40]} 1/2-1/2

[Event "WCO 2016"]
[Site "?"]
[Date "2016.09.13"]
[Round "11"]
[Board "23"]
[WhiteID "10200037"]
[White "Rahman Ziaur"]
[BlackID "12100293"]
[Black "Nezad Husein Aziz"]
[Result "0-1"]
[BlackElo "2427"]
[WhiteElo "2512"]
[LiveChessVersion "1.4.8"]

1. d4 {[%clk 1:30:43]} Nf6 {[%clk 1:30:52]} 2. Bg5 {[%clk 1:30:39]} d5
{[%clk 1:30:59]} 3. e3 {[%clk 1:30:31]} c5 {[%clk 1:31:05]} 4. Bxf6
{[%clk 1:30:42]} gxf6 {[%clk 1:31:27]} 5. Nc3 {[%clk 1:30:56]} Nc6
{[%clk 1:31:10]} 6. Qh5 {[%clk 1:28:59]} e6 {[%clk 1:31:04]} 7. Bb5
{[%clk 1:18:43]} cxd4 {[%clk 1:29:18]} 8. exd4 {[%clk 1:19:07]} Bd7
{[%clk 1:29:44]} 9. Nge2 {[%clk 1:16:36]} Nb4 {[%clk 1:28:45]} 10. Bxd7+
{[%clk 1:15:45]} Qxd7 {[%clk 1:29:09]} 11. Rc1 {[%clk 1:14:01]} O-O-O
{[%clk 1:29:33]} 12. O-O {[%clk 1:13:58]} Kb8 {[%clk 1:29:52]} 13. f4
{[%clk 1:09:51]} f5 {[%clk 1:29:06]} 14. a3 {[%clk 1:09:30]} Nc6 {[%clk 1:29:28]}
15. Nd1 {[%clk 1:08:34]} Bd6 {[%clk 1:15:47]} 16. Nf2 {[%clk 1:05:49]} Rdg8
{[%clk 1:13:15]} 17. Nd3 {[%clk 0:59:46]} Rg4 {[%clk 1:10:12]} 18. Rf2
{[%clk 0:56:14]} Qe7 {[%clk 1:04:21]} 19. h3 {[%clk 0:52:58]} Rg7
{[%clk 1:03:53]} 20. b4 {[%clk 0:50:47]} Rhg8 {[%clk 1:00:00]} 21. Nc5
{[%clk 0:47:17]} Qd8 {[%clk 0:50:52]} 22. Kh1 {[%clk 0:38:48]} Ne7
{[%clk 0:49:58]} 23. Qf3 {[%clk 0:28:44]} Nc8 {[%clk 0:47:01]} 24. c4
{[%clk 0:27:52]} Ne7 {[%clk 0:44:08]} 25. Nxb7 {[%clk 0:22:18]} Kxb7
{[%clk 0:44:19]} 26. c5 {[%clk 0:22:42]} Bc7 {[%clk 0:41:35]} 27. Qb3
{[%clk 0:20:51]} Nc6 {[%clk 0:20:49]} 28. Qd3 {[%clk 0:19:34]} Qh4
{[%clk 0:19:50]} 29. Kg1 {[%clk 0:18:00]} a6 {[%clk 0:15:01]} 30. Rb1
{[%clk 0:16:02]} Rg3 {[%clk 0:14:48]} 31. Nxg3 {[%clk 0:15:02]} Rxg3
{[%clk 0:13:42]} 32. Qf1 {[%clk 0:11:43]} Nxd4 {[%clk 0:12:16]} 33. a4
{[%clk 0:07:53]} Ra3 {[%clk 0:09:49]} 34. b5 {[%clk 0:04:45]} axb5
{[%clk 0:07:59]} 35. axb5 {[%clk 0:04:03]} Bxf4 {[%clk 0:08:13]} 36. Ra1
{[%clk 0:01:26]} Rxa1 {[%clk 0:02:02]} 37. Qxa1 {[%clk 0:01:48]} Be3
{[%clk 0:02:26]} 38. Qa6+ {[%clk 0:01:10]} Kb8 {[%clk 0:02:43]} 39. Qd6+
{[%clk 0:01:14]} Kc8 {[%clk 0:03:13]} 40. Qa6+ {[%clk 0:30:56]} Kd8
{[%clk 0:30:45]} 41. Qd6+ {[%clk 0:23:52]} Ke8 {[%clk 0:30:54]} 42. Qb8+
{[%clk 0:21:29]} Qd8 {[%clk 0:30:49]} 43. Qb7 {[%clk 0:20:42]} Ne2+
{[%clk 0:30:40]} 44. Kh1 {[%clk 0:18:51]} Bxf2 {[%clk 0:29:59]} 45. b6
{[%clk 0:18:48]} Ng3+ {[%clk 0:28:24]} 46. Kh2 {[%clk 0:19:15]} Ne4
{[%clk 0:28:10]} 47. Qc6+ {[%clk 0:19:31]} Kf8 {[%clk 0:27:38]} 0-1